000 00934cam a22003371 4500
001 476832
003 ARRUPE
005 20160504095724.0
008 860529s1952 enk b 001 0 eng
010 _a 52035390/L/r78
035 _a(OCoLC)3893597
035 _a(OCoLC)ocm03893597
035 _a(CStRLIN)NYCG86-B54095
035 _a(NNC)476832
040 _dPPT
_dNNC
_cArrupe
043 _ae-uk---
050 0 _aPN2595
_b.F5 1952
082 _a792.0942
090 _aPN2595
_b.F5 1952
100 1 _aFindlater, Richard,
_d1921-
_924230
245 1 4 _aThe unholy trade,
_cby Richard Findlater.
250 _a2nd edition
260 _aLondon,
_bVictor Gollancz,
_c1952.
300 _a224 p.
_c23 cm.
500 _aIncludes index.
504 _aBibliography: p. 218-220.
650 0 _aTheater
_zGreat Britain.
_924231
700 _aBain, Kenneth Bruce Findlater
_924355
942 _2lcc
_cMONOGRAPH
999 _c124756
_d124756